000 00304nam a22001337a 4500
020 _qHB.
040 _cFIZZA ISHAQ
082 _a005.741
_bRAF
100 _aISLAM, UL RAFOQ.
_987427
245 _aDATA MISSING /
_cRAFIQ UL ISLAM.
260 _bSPRINGER,
_c2019.
300 _a398 P. ;
942 _2ddc
_cBK
999 _c587516
_d587516